1565 1426 1305 1464 1709 1971 1602 1936 1723 1354 1004 1916 1424 1691 1112 1844 1127 1349 1359 1395 1127 1036 1072 1111 1542 1168 1856 1300 1763 1961 1537 1552 1074 1096 1716 1503 1858 1573 1512 1725 1150 1601 1977 1287 1893 1615 1051 1093 1068 1561 1682 1628 1603 1469 1885 1170 1086 1041 1672 1804 1577 1994 1586 1755 1277 1439 1379 1497 1267 1097 1159 1187 1038 1309 1559 1275 1531 1764 1355 1772 1834 1591 1278 1195 1054 1699 1561 1461 1115 1309 1883 1810 1854 1532 1091 1842 1515 1138 1521 BCNSPRNW ULIB Ver.6.0+V

เปลี่ยนเป็นภาษาไทย

Change to English
 แสดงรายละเอียดบรรณานุกรม
  กลับหน้าหลัก

Brief Record : Get Marc (ISO 2709) : E-mail record : QR code < ปิดหน้าต่าง
LEADER : 00000nam 2200000uu 4500
001    13399112955
003     ULIB
008    110919s2545||||th 000 0 tha d
020    9749054024
050  4 LC3998.T5^bอ481 ล.3 2545
100 0  อุษณีย์ อนุรุทธ์วงศ์ (โพธิสุข)
245 10 ฝึกเด็กให้เป็นนักคิด =^bRaising a genius /^cอุษณีย์ อนุนุทธ์วงศ์ (โพธิสุข)
246 31 Raising a genius
260    กรุงเทพฯ :^bมูลนิธิสดศรี-สฤษดิ์วงศ์,^c2545
300    143 หน้า :^bภาพประกอบ ;^c21 ซม.
440  0 หนังสือชุดสร้างเด็กให้เป็นอัจฉริยะ ;^vเล่มที่ 3
650  4 การศึกษาสำหรับผู้ที่มีความสามารถพิเศษ
945    ^p80^l0^i015451
945    ^p80^l0^i015452
945    ^p80^l0^i015453
995    ทศพร
999 ^a ทศพร
รายการนี้ยังไม่มีแท็ก
คุณยังไม่ได้ล็อกอิน คุณสามารถมีกิจกรรมร่วมกับเว็บไซต์ได้ แต่ต้องล็อกอินก่อน ::
  ล็อกอิน

รายการสื่อสารสนเทศ

ลำดับที่ ประเภท เลขเรียก/บาร์โค้ด สถานที่ สถานะ
- ไม่พบข้อมูล -

รายการใกล้เคียง
    ผู้แต่ง [อุษณีย์ อนุรุทธ์วงศ์ (โพธิสุข)]

    หัวเรื่อง [การศึกษาสำหรับผู้ที่มีความสามารถพิเศษ]

BibComment


ยังไม่เคยถูกคอมเมนท์

คอมเมนท์ทรัพยากรรายการนี้
  คอมเมนท์: ฝึกเด็กให้เป็นนัก..


 Copyright 2026. Bcnsprnw @Library